| 000 | 00752nam a2200229 a 4500 | ||
|---|---|---|---|
| 008 | 120416s1984 ||||||||||||||||| || u | ||
| 020 | _a0070541744 | ||
| 050 | _aPR 2763. R6S53 | ||
| 100 | _aRowse, A. L | ||
| 245 | 1 | 0 |
_aRomeo and Juliet, Julius Caeser, Hamlet, Macbeth _cedited by A. L. Rowse |
| 246 | _aWilliam Shakespeare | ||
| 260 |
_aNew York _bMcGraw-Hill _c1984 |
||
| 300 | _axxi, 368 pages | ||
| 350 | _a0.00 | ||
| 650 | _aLITERATURE | ||
| 650 | _aMACBETH | ||
| 650 | _aHAMLET | ||
| 650 | _aJULIUS CAESAR | ||
| 650 | _aROMEO AND JULIET | ||
| 700 | _aShakespear, William | ||
| 995 |
_D0.00 _FCBU-MAIN LIBRARY (Kitwe) _H1 _I85.00 _M1 _UAVAILABLE _ZAnnex Low-Usage Collection |
||
| 999 |
_c56738 _d56738 |
||